000 01037cam a2200217 4500
001 WB@3612-282
008 041026n2004 000 0 eng u
035 _a(Sirsi) u127817
245 _aTurn off
260 _c2004
490 _aDEFRA News Release
_v25 October 2004 (2)
520 _a New research from the Energy Saving Trust and UK Climate Change Impact Programme shows a clear link between climate change and how people use energy in the home. Millions of people could save money on fuel bills and help cut harmful greenhouse gases by joining a big energy-saving turn off campaign. The campaign is part of Energy Efficiency Week and is supported by DEFRA. For further details on the campaign and how to save energy in the home go to: http://www.est.org.uk/myhome/. http://www.defra.gov.uk/news/issues/2004/energy-04 1025.htm
590 _aWB
590 _aWB
650 _aENERGY CONSUMPTION
650 _aENERGY-SAVING
650 _aFUEL BILLS
650 _aHOMEOWNERS
690 _aENERGY-EFFICIENCY
942 _n0
999 _c118219
_d118219